Spanish Quiz Stats

 Plays Quiz not verified by Sporcle

Challenge
Share
Tweet
Embed
Score 0/15 Timer 10:00
0 Plays Today
Definition Term % Correct
Cariño entre amigosla amistad
100%
Espacio que está sobre nosotrosel cielo
66.7%
Se aplica a lo que tiene un sabor parecido al azúcardulce
66.7%
Saltar, elevarse en el airebrincar
33.3%
En los animales vertebralesla cola
33.3%
Una persona que está contigoel compañero
33.3%
Opuesto o contrariocontra
33.3%
Instrucción, enseñanza, maneras, modalesla educación
33.3%
Definition Term % Correct
Poner algo bajo tierra o cubrir algo con tierraenterrar
33.3%
Ser necesariohacer
33.3%
Nuncajamás
33.3%
Falsedadla mentira
33.3%
Familiaríntimo
0%
Unir dos cosasjuntar
0%
Fastidiarmolestar
0%

You're not logged in!

Compare scores with friends on all Sporcle quizzes.
Join for Free
OR
Log In

You Might Also Like...

Show Comments

Extras

Top Quizzes Today


Score Distribution

Your Account Isn't Verified!

In order to create a playlist on Sporcle, you need to verify the email address you used during registration. Go to your Sporcle Settings to finish the process.

Report this User

Report this user for behavior that violates our Community Guidelines.

Details: